Criticism of Interntional Monetary Fund from historical perspective and at present diplomová práca

Na minha lista:
Detalhes bibliográficos
Autor principal: Činčárová, Veronika
Autor Corporativo: Národohospodárska fakulta EU. Katedra bankovníctva a medzinárodných financií
Outros Autores: Širaňová, Mária
Formato: Livro
Idioma:inglês
Publicado em: Bratislava 2017
Tags: Adicionar Tag
Sem tags, seja o primeiro a adicionar uma tag!

MARC

LEADER 00000nbm a2200000 4500
001 0231975
005 20171127144449.1
041 0 |a eng 
044 |a SK 
245 1 0 |a Criticism of Interntional Monetary Fund from historical perspective and at present  |b diplomová práca  |c Veronika Činčárová ; školiteľ: Mária Širaňová 
264 1 |a Bratislava  |c 2017 
300 |a 101 s. 
100 1 |a Činčárová, Veronika 
700 1 |a Širaňová, Mária 
710 2 |a Národohospodárska fakulta EU. Katedra bankovníctva a medzinárodných financií